| 000 | 00499nam a2200157 a 4500 | ||
|---|---|---|---|
| 001 | 000032874 | ||
| 005 | 20200930065903.0 | ||
| 008 | 110801s1954 dr 000 0 spa d | ||
| 040 |
_aDO-SdBNP _bspa _cBNPHU |
||
| 245 | 1 | 0 |
_aHostos : _bperegrino del ideal /. |
| 260 |
_aSanto Domingo : _bParis : _bEdiciones Literarias y Artísticas, _c1954. |
||
| 300 |
_a461 p. ; _c22 cm. |
||
| 500 | _aIncluye índice | ||
| 500 | _aIncluye referencias bibliográficas y notas al pie de las páginas | ||
| 049 | _aBNPD | ||
| 999 |
_c32365 _d32365 |
||